[Event "Challenge"]
[Site "http://www.queenalice.com/game.php?id=7633"]
[Date "2005.3.23"]
[Round "-"]
[White "whitleon"]
[Black "Allumo"]
[Result "1/2-1/2"]
[WhiteElo "1962"]
[BlackElo "1374"]

1. d4 d5 2. c4 dxc4 3. e4 e6 4. Bxc4 Nf6 5. Nc3 Bb4 6. Bg5 Bxc3+ 7. bxc3 h6 8.
Bxf6 Qxf6 9. Nf3 a6 10. O-O Bd7 11. Ne5 b5 12. Bb3 Bc6 13. Nxf7 Qxf7 14. d5 Bd7
15. dxe6 Bxe6 16. Bxe6 Qxe6 17. Qh5+ Qf7 18. Qc5 Qe7 19. Qd5 c6 20. Qh5+ Qf7 21.
Qe5+ Qe7 22. Qh5+ Qf7 23. Qe5+ Qe7 24. Qh5+ 1/2-1/2

[Event "Invitation"]
[Site "http://www.queenalice.com/game.php?id=7696"]
[Date "2005.3.24"]
[Round "-"]
[White "Allumo"]
[Black "tchello77"]
[Result "1-0"]
[WhiteElo "1100"]
[BlackElo "1149"]

1. e4 Nf6 2. Nc3 d5 3. e5 d4 4. exf6 dxc3 5. dxc3 gxf6 6. Qxd8+ Kxd8 7. f4 Bh6
8. Bc4 e6 9. Be3 Nd7 10. Ne2 Rg8 11. g3 b6 12. O-O-O Rg4 13. h3 Rg8 14. Bb5 a5
15. Bxd7 Bxd7 16. Rd3 e5 17. fxe5 Bg7 18. exf6 Bxf6 19. Rf1 Rg6 20. Rfd1 Ke8 21.
Rxd7 Rd8 22. Rxc7 Be7 23. Rxd8+ Bxd8 24. Rc4 Re6 25. Kd2 b5 26. Rc5 Bb6 27. Rc8+
Kd7 28. Nd4 Re7 29. Rc6 Bd8 30. Bg5 f6 31. Bxf6 b4 32. Bxe7 Bxe7 33. cxb4 Bxb4+
34. c3 Be7 35. Ra6 Bg5+ 36. Kd3 Bd8 37. Rxa5 Bxa5 38. b4 Bd8 39. b5 Kc7 40. Ne6+
1-0

[Event "Invitation"]
[Site "http://www.queenalice.com/game.php?id=8876"]
[Date "2005.4.4"]
[Round "-"]
[White "Allumo"]
[Black "tchello77"]
[Result "1-0"]
[WhiteElo "1325"]
[BlackElo "1074"]

1. e4 Nf6 2. Nc3 c6 3. d4 d6 4. Bg5 Bg4 5. f3 Be6 6. Bxf6 exf6 7. h3 f5 8. exf5
Bxf5 9. g4 Qh4+ 10. Kd2 Bg6 11. Qe1+ Be7 12. Qxh4 Bxh4 13. f4 O-O 14. f5 Bg5+
15. Kd3 Re8 16. fxg6 Re3+ 17. Kc4 d5+ 18. Kb3 Bh4 19. gxh7+ Kxh7 20. Bg2 Bf6 21.
Nf3 Nd7 22. Rae1 Rxc3+ 23. Kxc3 Nb6 24. g5 Be7 25. Rxe7 1-0

[Event "Defio vin!"]
[Site "http://www.queenalice.com/game.php?id=88330"]
[Date "2006.7.22"]
[Round "-"]
[White "Allumo"]
[Black "Xavier"]
[Result "0-1"]
[WhiteElo "1374"]
[BlackElo "1569"]

1. e4 d5 2. exd5 Qxd5 3. d4 Qe4+ 4. Ne2 Nc6 5. Qd3 Qxd3 6. cxd3 e5 7. dxe5 Nxe5
8. Nf4 Bb4+ 9. Bd2 Bxd2+ 10. Nxd2 Bf5 11. d4 Nc6 12. Nd5 O-O-O 13. Ne3 Nxd4 14.
Nxf5 Nc2+ 15. Kd1 Nxa1 16. Bc4 g6 17. Ne3 Ne7 18. Ke2 Nc6 19. Rxa1 Nd4+ 20. Kf1
Nc2 21. Rd1 Nb4 22. Bxf7 Rhf8 23. Be6+ Kb8 24. a3 Nd3 25. Ne4 Rfe8 26. Ng5 Nxb2
27. Rb1 Rd2 28. Bb3 Nd3 29. Nf3 Rxf2+ 30. Kg1 Rxe3 31. Rd1 a6 32. Bc4 Nb2 33.
Rb1 Rd2 34. Nxd2 Nxc4 35. Nxc4 Rc3 36. Rb4 b5 37. Ne5 Rxa3 38. Rb1 g5 39. Nd7+
Kb7 40. Nc5+ Ka7 41. h3 c6 42. Kh2 h5 43. g3 a5 44. Ne4 g4 45. h4 a4 46. Rc1 Kb6
47. Nf2 Ra2 48. Kg2 c5 49. Re1 b4 50. Re5 b3 51. Re1 a3 52. Rb1 b2 53. Nd3 Ra1
54. Nxb2 Rxb1 55. Nc4+ Kc6 56. Nxa3 Rb2+ 57. Kf1 Rb3 58. Nc4 Kd5 59. Na5 Rxg3
60. Kf2 Ra3 61. Nb7 c4 62. Ke2 g3 63. Nd8 Ke4 64. Nc6 Ra2+ 65. Kf1 Ke3 66. Nb4
Rb2 67. Nd5+ Kf3 68. Nc3 Rc2 69. Nd5 Rc1# 0-1

[Event "La Grand Revanche"]
[Site "http://www.queenalice.com/game.php?id=90125"]
[Date "2006.7.28"]
[Round "-"]
[White "Xavier"]
[Black "Allumo"]
[Result "1-0"]
[WhiteElo "1547"]
[BlackElo "1340"]

1. b4 e5 2. a3 d5 3. d4 e4 4. e3 a6 5. c4 c6 6. Qa4 b5 7. cxb5 cxb5 8. Bxb5+ Bd7
9. Bxd7+ Qxd7 10. Qxd7+ Nxd7 11. Nc3 Ngf6 12. Nh3 h6 13. Nf4 Nb6 14. b5 axb5 15.
Nxb5 Rc8 16. O-O Rc6 17. a4 Bd6 18. a5 Nbd7 19. a6 O-O 20. a7 Ra8 21. Bd2 Rb6
22. Rfb1 g5 23. Ne2 Ne8 24. Nec3 Nef6 25. Na4 Ra6 26. Bb4 Ne8 27. Bxd6 Rb6 28.
Nxb6 Nxd6 29. Nxa8 Nc8 30. Rc1 Nxa7 31. Rxa7 Nf8 32. Rc8 Kg7 33. Nd6 Ne6 34.
Rxf7+ Kg6 35. Rg8+ Kh5 36. Rf5 Kg4 37. h3+ Kh4 38. Nf7 Kh5 39. Rh8 Kg6 40. Nxh6
Ng7 41. Rxd5 Nf5 42. Nxf5 Kf6 43. Rh6+ Kf7 44. Rd7+ Ke8 45. Nb6 Kf8 46. Rh8# 1-0

[Event "Challenge"]
[Site "http://www.queenalice.com/game.php?id=97659"]
[Date "2006.8.20"]
[Round "-"]
[White "lucasxavier"]
[Black "Allumo"]
[Result "1-0"]
[WhiteElo "1264"]
[BlackElo "1355"]

1. g3 e5 2. Bg2 Bc5 3. Nf3 d6 4. d4 Bb6 5. O-O Nf6 6. Bg5 h6 7. Bxf6 gxf6 8.
dxe5 fxe5 9. Nc3 Be6 10. Nb5 Qd7 11. Qd3 a6 12. Nc3 Nc6 13. Rad1 O-O-O 14. Nh4
Nb4 15. Qf3 Nxc2 16. Qxb7# 1-0

[Event "Challenge"]
[Site "http://www.queenalice.com/game.php?id=98330"]
[Date "2006.8.22"]
[Round "-"]
[White "tchello77"]
[Black "Allumo"]
[Result "1-0"]
[WhiteElo "1146"]
[BlackElo "1312"]

1. b4 c6 2. Bb2 d6 3. e3 d5 4. b5 Bd7 5. Be5 cxb5 6. Na3 e6 7. Qc1 b4 8. Nb1 Nc6
9. Bd4 Qh4 10. Qb2 Qg4 11. h3 Qg6 12. Nf3 Nf6 13. Nh4 Qh5 14. g3 Be7 15. Be2 Qg5
16. c3 bxc3 17. Nxc3 O-O 18. Nf3 Qh5 19. Ne5 Qh6 20. Qxb7 Rfb8 21. Qa6 Nb4 22.
e4 Nxa6 23. Bxa6 Rb4 24. Be3 Qh5 25. d4 dxe4 26. Be2 Qf5 27. g4 Nxg4 28. hxg4
Qf6 29. g5 Qf5 30. Bg4 Rb7 31. Bxf5 exf5 32. Rb1 Rxb1+ 33. Nxb1 Bb4+ 34. Bd2
Bxd2+ 35. Kxd2 Be6 36. Nc3 Re8 37. d5 Bc8 38. Nc6 a6 39. Rb1 f4 40. Nd1 h5 41.
d6 Bd7 42. Ne7+ Kf8 43. Rb7 Be6 44. Nc3 h4 45. Nxe4 Bxa2 46. Nc5 h3 47. Nd7# 1-0

[Event "Challenge"]
[Site "http://www.queenalice.com/game.php?id=98332"]
[Date "2006.8.22"]
[Round "-"]
[White "Xavier"]
[Black "Allumo"]
[Result "0-1"]
[WhiteElo "1640"]
[BlackElo "1242"]

1. c4 c5 2. d4 Qa5+ 3. Bd2 Qb6 4. dxc5 Qxc5 5. e3 Qb6 6. Nf3 Qxb2 7. Bc3 Qb6 8.
Qd5 e6 9. Qh5 Qc7 10. Ne5 d6 11. Nf3 Nd7 12. Nd4 Ndf6 13. Nb5 Qc6 14. Qf3 Qb6
15. a4 a6 16. a5 Qc5 17. Nd4 Be7 18. Nb3 Qc7 19. c5 d5 20. Bd3 Bxc5 21. Nxc5
Qxc5 22. O-O h6 23. Qg3 Nh5 24. Qg4 d4 25. exd4 Qg5 26. f3 Qe3+ 27. Rf2 Ngf6 28.
Qh4 g5 29. Qh3 Nf4 30. Qg3 Nxd3 31. f4 Qxf2+ 32. Qxf2 Nxf2 33. Kxf2 gxf4 34. d5
Ne4+ 35. Kf3 Nxc3 36. Nxc3 e5 37. d6 Be6 38. Ne4 Bd5 39. Rd1 Bxe4+ 40. Kxe4 f6
41. Rc1 Rg8 42. Kf3 Rg7 43. Rb1 O-O-O 44. Rc1+ Kb8 45. Rd1 Rgd7 46. g4 Rxd6 47.
Rxd6 Rxd6 48. h4 Kc7 0-1

[Event "La Grand Revenge"]
[Site "http://www.queenalice.com/game.php?id=100572"]
[Date "2006.8.29"]
[Round "-"]
[White "tchello77"]
[Black "Allumo"]
[Result "0-1"]
[WhiteElo "1180"]
[BlackElo "1330"]

1. g4 d5 2. e3 Nf6 3. c3 Bxg4 4. Qb3 Bc8 5. Nf3 e6 6. Bh3 Be7 7. c4 b6 8. Qd3
Bb7 9. Nc3 dxc4 10. Qxd8+ Bxd8 11. e4 Nxe4 12. Rg1 Nxc3 13. Ne5 Nb5 14. Nxc4 Nd4
15. Rg4 Nc2+ 16. Kd1 Nxa1 17. Rg3 Bf6 18. b3 Bd5 19. Bb2 Bxc4 20. Bxa1 Bd5 21.
Rc3 Bxc3 22. dxc3 a5 23. c4 Be4 24. Bg2 Bxg2 25. Bxg7 Rg8 26. Be5 Na6 27. a3
O-O-O+ 28. Kc2 Be4+ 29. Kc3 Rd3+ 30. Kc2 Rgd8 31. Kc1 Rd1+ 32. Kb2 R8d2+ 33. Kc3
Rd3+ 34. Kb2 R1d2+ 35. Kc1 Re2 36. Kb1 Rd1# 0-1

[Event "La Grand Revenge"]
[Site "http://www.queenalice.com/game.php?id=108338"]
[Date "2006.9.21"]
[Round "-"]
[White "lucasxavier"]
[Black "Allumo"]
[Result "1-0"]
[WhiteElo "1429"]
[BlackElo "1311"]

1. c3 e5 2. d4 exd4 3. Qxd4 Nc6 4. Qe4+ Be7 5. e3 Nf6 6. Qf3 d6 7. Qg3 g6 8. Nd2
Be6 9. Bb5 a6 10. Bc4 Ne5 11. Bxe6 fxe6 12. f4 Nd5 13. Ngf3 Nxf3+ 14. Nxf3 Bf6
15. e4 Ne3 16. Bxe3 Qe7 17. e5 dxe5 18. fxe5 Bg7 19. O-O O-O-O 20. Ng5 Rd5 21.
Rf7 Bxe5 22. Rxe7 Bxg3 23. hxg3 Rd3 24. Bd4 Rd8 25. Nxe6 Rd6 26. Ba7 b6 27.
Rxc7# 1-0

[Event "Challenge"]
[Site "http://www.queenalice.com/game.php?id=566350"]
[Date "2009.4.3"]
[Round "-"]
[White "tchello77"]
[Black "Allumo"]
[Result "0-1"]
[WhiteElo "1245"]
[BlackElo "1287"]

1. d4 d5 2. c3 e6 3. Nf3 h6 4. Ne5 Bd6 5. Nd3 Nf6 6. f3 Bd7 7. e4 dxe4 8. fxe4
Nxe4 9. Qg4 Nf6 10. Qxg7 Rh7 11. Qxh6 Rxh6 12. Bxh6 Ng4 13. Bc1 Bxh2 14. Be2
Qh4+ 15. Kf1 Bb5 16. Bf4 Bxd3 17. g3 Qh3+ 18. Ke1 Bxg3+ 19. Kd2 Bxf4+ 0-1

[Event "Challenge"]
[Site "http://www.queenalice.com/game.php?id=567922"]
[Date "2009.4.7"]
[Round "-"]
[White "pepeteles"]
[Black "Allumo"]
[Result "0-1"]
[WhiteElo "1239"]
[BlackElo "1286"]

1. e4 e5 2. Qf3 d6 3. Bc4 Nf6 4. Nh3 Bxh3 5. Qxh3 Nxe4 6. Qf5 Nf6 7. c3 Qe7 8.
d3 h6 9. Qh3 a6 10. d4 exd4+ 11. Kd1 dxc3 12. bxc3 Nc6 13. Re1 Ne5 14. Na3 Qd7
15. Qg3 Qg4+ 16. Qxg4 Nxg4 17. f3 Nxh2 18. f4 O-O-O 19. fxe5 dxe5+ 20. Bd2 Bxa3
21. Rxe5 Ng4 22. Ra5 Bb2 23. Rb1 Bxc3 24. Ra3 Bxd2 25. Rd3 Rxd3 26. Bxd3 g6 27.
Kxd2 Rd8 28. Rb3 Ne5 29. a4 c5 30. Rc3 c4 31. Kc2 Rxd3 32. Rxd3 cxd3+ 33. Kd2 b5
34. axb5 axb5 35. g3 b4 36. Ke3 b3 37. Kd2 b2 38. Kd1 b1=Q+ 39. Kd2 Qc2+ 40. Ke3
d2 41. g4 d1=Q 42. g5 Qce2+ 43. Kf4 Qd4+ 44. Kg3 Qdg4# 0-1

[Event "Challenge"]
[Site "http://www.queenalice.com/game.php?id=593288"]
[Date "2009.5.25"]
[Round "-"]
[White "Aldino"]
[Black "Allumo"]
[Result "0-1"]
[WhiteElo "2010"]
[BlackElo "1286"]

1. e4 e5 2. Nc3 Bb4 3. Nd5 d6 4. Nxb4 Nf6 5. d3 c6 6. Nf3 a5 7. Nxc6 bxc6 8. c3
h6 9. Be2 Ng4 10. h3 Nf6 11. Nh2 d5 12. Qa4 dxe4 13. dxe4 Bd7 14. O-O O-O 15.
Qc2 Qc7 16. Be3 Be6 17. f3 Nbd7 18. b3 Qb7 19. c4 Rfd8 20. Rad1 Nh5 21. f4 exf4
22. Bxf4 Nxf4 23. Rxf4 Qc7 24. Rdf1 Nc5 25. R1f3 Qb6 26. Kh1 Nd7 27. Qc3 Qb4 28.
Ng4 Qxc3 29. Rxc3 h5 30. Nf2 g6 31. Nd3 Kg7 32. Rf3 Nf6 33. Nc5 Rd2 34. Nxe6+
fxe6 35. Rce3 Rxa2 36. e5 Nd7 37. Rg3 Rh8 38. Bf3 c5 39. Rd3 Nxe5 40. Rd6 Kf7
41. Bd5 exd5 42. Rxd5 Ra1+ 43. Kh2 Ng4+ 44. hxg4 hxg4+ 0-1

[Event "Challenge"]
[Site "http://www.queenalice.com/game.php?id=606399"]
[Date "2009.6.20"]
[Round "-"]
[White "Allumo"]
[Black "Aldino"]
[Result "0-1"]
[WhiteElo "1308"]
[BlackElo "2024"]

1. e4 e5 2. Nf3 d6 3. h3 Nf6 4. d3 Nc6 5. Bg5 Be7 6. Bxf6 Bxf6 7. c3 a6 8. d4
exd4 9. cxd4 Qe7 10. Nc3 O-O 11. d5 Ne5 12. a4 b6 13. Qc2 Bb7 14. b3 Rac8 15.
Bd3 Nxd3+ 16. Qxd3 c6 17. Rc1 Bxc3+ 18. Qxc3 cxd5 19. Qe3 Rxc1+ 20. Qxc1 Qxe4+
21. Kf1 Qe7 22. g4 d4 23. Qd1 Qe4 24. Kg2 Qd5 25. Re1 Bc6 26. Qd3 b5 27. axb5
Bxb5 28. Qxd4 Qxd4 29. Nxd4 Bd7 30. Re7 Rd8 31. b4 Kf8 32. Re3 Re8 33. Ra3 Re4
34. Nc2 Re2 35. Ne3 Bb5 36. Nd5 Bc6 37. Kf1 Rd2 38. Nc7 Rd1+ 39. Ke2 Rb1 40.
Rxa6 Rb2+ 41. Ke3 Rb3+ 42. Kd2 Bg2 43. b5 Bxh3 44. Nd5 g6 45. b6 Bg2 46. Nf4 Bb7
47. Ra7 Rxb6 48. Kc3 Bf3 49. g5 Rb5 50. Nh3 Bg4 51. Nf4 Rxg5 52. Ra6 Rf5 53. Nd3
d5 54. Ra4 Be2 55. Nc1 Rxf2 56. Ra2 Rf3+ 57. Kd4 Bc4 58. Rc2 Rf4+ 59. Ke5 Rf5+
60. Kd4 Kg7 61. Rd2 Kf6 62. Rb2 Rf4+ 63. Ke3 Re4+ 64. Kf3 h5 65. Rf2 Ke6 66. Rb2
Ke5 67. Rd2 f5 68. Rg2 Rf4+ 69. Ke3 Rg4 70. Rh2 Rg3+ 71. Kf2 Rc3 72. Rh1 Rc2+
73. Ke3 d4+ 74. Kf3 Bd5+ 75. Kg3 Bxh1 76. Kh4 Rxc1 77. Kg5 Rg1+ 78. Kh6 Kf6 79.
Kh7 Rc1 80. Kg8 d3 81. Kh7 d2 82. Kh6 d1=Q 83. Kh7 Qd2 84. Kg8 Qd7 85. Kh8 Rc8#
0-1